Kemal Sunal Filmleri - Armageddon - Statistics

General Stats
  • This quiz has been taken 342 times
    303 since last reset
  • The average score is 9 of 20
Answers on the Grid
Answers color-coded by a green-red scale on the quiz's grid according to % correct below.
Tosun Paşa
Hababam Sınıfı
Kapıcılar Kralı
Uzak
Nefes
Kasaba
Köyden İndim Şehire
Yüz Numaralı Adam
Mavi Boncuk
Gülen Gözler
Züğürt Ağa
Muhsin Bey
Cinayet Süsü
Oh Olsun
Maden
Salako
Av Mevsimi
Eşkıya
Sakar Şakir
Davaro
Eyyvah Eyvah
Kelebekler
Neşeli Günler
Limonata
Şabanoğlu Şaban
Kabadayı
Kibar Feyzo
Süt Kardeşler
Zübük
Sürü
Tokatçı
Hanzo
Çiçek Abbas
Namuslu
Polizei
Korkusuz Korkak
Üç Kağıtçı
Kış Uykusu
Propaganda
 
Answer Stats
Answer % Correct
Tosun Paşa
90%
Kapıcılar Kralı
87%
Hababam Sınıfı
84%
Köyden İndim Şehire
71%
Yüz Numaralı Adam
67%
Mavi Boncuk
50%
Salako
40%
Sakar Şakir
36%
Süt Kardeşler
35%
Şabanoğlu Şaban
34%
Kibar Feyzo
32%
Tokatçı
32%
Davaro
31%
Korkusuz Korkak
31%
Üç Kağıtçı
31%
Hanzo
30%
Zübük
23%
Polizei
22%
Propaganda
21%
Oh Olsun
7%
No matching quizzes found
Score Distribution
Percent of People with Each Score
Percentile by Number Answered
Your Score History
You have not taken this quiz since the last reset